00582nam a2200157 a 450000100100000000500170001000800410002704000250006811000810009324500330017426000580020730000270026504900090029295201060030199900170040700002800620200930031255.0110406s19uu dr 000 0 spa d aDO-SdBNPbspacBNPHU2 aSecretaría de Estado de Deporte Educación Física y Recreación95505110amanual acerca de la espalda. aSanto Domingo :bCentro de Documentación,c[19--?]. a15 p. :bil. ;c21 cm. aBNPD 00107-18PDaPDbPDcOId2011-04-06iLF1l0o p28006-10r2020-06-25w2020-06-25yLFPDZNo se presta c27498d27498